Entry Personal Name
001 - CONTROL NUMBER
- control field: 9785
003 - CONTROL NUMBER IDENTIFIER
- control field: LDD
005 - DATE AND TIME OF LATEST TRANSACTION
- control field: 20191220145535.0
008 - FIXED-LENGTH DATA ELEMENTS
- fixed length control field: 191220|| aca||aabn | a|a d
040 ## - CATALOGING SOURCE
- Original cataloging agency: LDD
- Transcribing agency: LDD
100 ## - HEADING--PERSONAL NAME
- Personal name: जोशी, ज्योतिष
- Relator term: संपादक
670 ## - SOURCE DATA FOUND
- Source citation: Work cat.: (LDD)163705: सृजनात्मकता के आयाम:, 2017
